Đang tải...
Tourism Destination Management
| Tác giả chính: | |
|---|---|
| Định dạng: | Printed Book |
| Ngôn ngữ: | Undetermined |
| Được phát hành: |
NewDelhi
Kanishka Publishers
2010
|
| LEADER | 00494nam a2200133Ia 4500 | ||
|---|---|---|---|
| 008 | 141017s9999 xx 000 0 und d | ||
| 020 | |a 978-81-8457-218-6 | ||
| 082 | |a 338.479RAI | ||
| 100 | |a Raina,Abhinav Kamal | Zhao,Jinlin | Deepika Gupta | ||
| 245 | |a Tourism Destination Management | ||
| 260 | |b Kanishka Publishers |a NewDelhi |c 2010 | ||
| 300 | |a 245p. | ||
| 999 | |c 112549 |d 112549 | ||
| 952 | |0 0 |1 0 |4 0 |6 338_000000000000000_479RAI |7 0 |9 109280 |a STS |b STS |d 2010-12-28 |l 0 |o 338.479RAI |p STS209 |r 2014-10-17 |w 2014-10-17 |y BK | ||